000 01097nam a2200301 4500
003 EC-UNACH
005 20251022113232.0
006 s||||gr|||| 00| 00
008 150116t9999 mx r gr 000 0 spa d
020 _a0-323-02603-6
040 _aEC-UNACH
_cEC-UNACH
041 _aspa
082 0 4 _223
_a610.73
_bL017852
110 _aElsevier
245 _a Guías Clínicas de enfermería Fluidos , Electrolitos y equilibrio Acido- Base
250 _aQuinta edición
264 _aEspaña
_bElsevier
_c2006
300 _a375
505 _aUnidad 1- Principios básicos Unidad 2- Alteraciones del equilibrio de líquidos electrolitos acido-base Unidad 3- Patologías clínicas asociadas con desequilibrios de líquidos electrolitos de líquidos electrolitos y acido-base
650 _aComposición de los líquidos corporales
650 _aRegulación del volumen vascular
650 _aGanancias de liquidos
700 _aUrsula Heitz, RN , MSN
942 _2ddc
_c1
999 _c14061